书目信息 |
| 题名: |
偏微分方程数值解(英文版·第2版)
|
|
| 作者: | 莫顿 著 | |
| 分册: | ||
| 出版信息: | 北京 人民邮电出版社 2006.01 |
|
| 页数: | 278页 | |
| 开本: | 20cm | |
| 丛书名: | ||
| 单 册: | ||
| 中图分类: | O241.82 | |
| 科图分类: | ||
| 主题词: | ||
| 电子资源: | ||
| ISBN: | 7-115-14075-8 | |
| 000 | 00564nam0 2200181 450 | |
| 001 | 0655323563 | |
| 005 | 20060525163130.18 | |
| 010 | @a7-115-14075-8@dCNY 39.00 | |
| 100 | @a20060427d2006 km y0chiy0120 ea | |
| 101 | 0 | @achi |
| 102 | @aCN@b110000 | |
| 200 | 1 | @a偏微分方程数值解(英文版·第2版)@Apian wei fen fang cheng shu zhi jie(ying wen ban·di 2 ban)@f(英)莫顿著@F(ying)mo dun zhu |
| 210 | @a北京@c人民邮电出版社@d2006.01 | |
| 215 | @a278页@d20cm | |
| 690 | @aO241.82@v4 | |
| 701 | 0 | @a莫顿@Amo dun@4著 |
| 801 | 0 | @aCN@bPFT@c20060525 |
| 905 | @a10447@dO241.82@eM845 | |
| 偏微分方程数值解(英文版·第2版)/(英)莫顿著.-北京:人民邮电出版社,2006.01 |
| 278页;20cm |
| ISBN 7-115-14075-8:CNY 39.00 |
| ● |
| 相关链接 |
|
|
|
正题名:偏微分方程数值解(英文版·第2版)
索取号:O241.82/M845
 
预约/预借
| 序号 | 登录号 | 条形码 | 馆藏地/架位号 | 状态 | 备注 |
| 1 | 602126 | 206021268 | 自科库401/401自科库 79排2列2层/ [索取号:O241.82/M845] | 在馆 | |
| 2 | 602127 | 206021277 | 自科库401/401自科库 79排2列2层/ [索取号:O241.82/M845] | 在馆 |